[Event "20ème Open de Saint-Affrique"]
[Site "Saint Affrique (11)"]
[Date "2012.07.23"]
[Round "3.1"]
[White "Hamdouchi, Hicham"]
[Black "Dussol, Pierre"]
[Result "1-0"]
[WhiteElo "2627"]
[BlackElo "2190"]
[PlyCount "51"]
[EventDate "2012.??.??"]

1. e4 g6 2. d4 d6 3. Nc3 c6 4. f4 d5 5. e5 h5 6. Be3 Nh6 7. Nf3 Bg4 8. Be2 Nf5
9. Bf2 Bxf3 10. Bxf3 e6 11. g3 c5 12. dxc5 Qa5 13. Qd3 a6 14. O-O-O Bxc5 15.
Bxc5 Qxc5 {#} 16. Ne4 Qa5 17. Nf6+ Ke7 18. Qb3 Ra7 19. Kb1 Rc8 20. g4 hxg4 21.
Bxg4 b5 22. Bxf5 gxf5 23. Qg3 Rac7 24. Qg5 Kf8 25. Qh6+ Ke7 26. Nxd5+ 1-0

[Event "20ème Open de Saint-Affrique"]
[Site "Saint Affrique (11)"]
[Date "2012.07.23"]
[Round "3.2"]
[White "Delorme, Laurie"]
[Black "Degraeve, Jean-Marc"]
[Result "0-1"]
[WhiteElo "2171"]
[BlackElo "2580"]
[PlyCount "58"]
[EventDate "2012.??.??"]

1. d4 g6 2. c4 Bg7 3. Nc3 d6 4. Nf3 Nf6 5. Bg5 O-O 6. e3 a6 7. Be2 c6 8. O-O
Nbd7 9. h3 b5 10. cxb5 cxb5 11. a4 b4 12. Na2 a5 13. Nd2 Nb6 14. Nc1 Bb7 15.
Bf3 Qd7 16. Bxb7 Qxb7 17. Qf3 Qd7 18. Ncb3 Nxa4 19. Nc4 d5 20. Ncxa5 Ne4 21.
Bf4 Nxb2 22. Qe2 Na4 23. Rfc1 Nec3 24. Qd3 Ra7 25. Bg3 Rfa8 26. f3 e6 27. Be1
Bf8 28. Rc2 Bd6 29. Bxc3 Nxc3 0-1

[Event "20ème Open de Saint-Affrique"]
[Site "Saint Affrique (11)"]
[Date "2012.07.23"]
[Round "3.3"]
[White "Gozzoli, Yannick"]
[Black "Sanchez, Nicolas"]
[Result "1/2-1/2"]
[WhiteElo "2547"]
[BlackElo "2168"]
[PlyCount "58"]
[EventDate "2012.??.??"]

1. d4 Nf6 2. c4 g6 3. Nc3 Bg7 4. e4 d6 5. f3 a6 6. Be3 Nc6 7. Qd2 O-O 8. Nge2
Rb8 9. Rb1 b5 10. cxb5 axb5 11. b4 e5 12. d5 Ne7 13. Nc1 Bd7 14. Nb3 Nh5 15. g3
f5 16. Be2 Nf6 17. Na5 fxe4 18. fxe4 Bh3 19. Qd3 Kh8 20. Bf1 Bd7 21. Bg2 Ng4
22. Bg1 c6 23. dxc6 Nxc6 24. Nxc6 Bxc6 25. h3 Nf6 26. Bf2 d5 27. Nxd5 Bxd5 28.
exd5 e4 29. Qb3 Nxd5 1/2-1/2

[Event "20ème Open de Saint-Affrique"]
[Site "Saint Affrique (11)"]
[Date "2012.07.23"]
[Round "3.4"]
[White "Vanderbeeken, Mikael"]
[Black "Ardelean, George-Catalin"]
[Result "0-1"]
[WhiteElo "2155"]
[BlackElo "2510"]
[PlyCount "72"]
[EventDate "2012.??.??"]

1. e4 c5 2. Nf3 e6 3. d4 cxd4 4. Nxd4 Nf6 5. Bd3 Nc6 6. Nxc6 dxc6 7. O-O e5 8.
Nd2 Qc7 9. Nc4 Be6 10. Qe1 Nd7 11. f4 b5 12. Qa5 Qb8 13. Nd2 exf4 14. Nf3 Bc5+
15. Kh1 O-O 16. Qe1 Ne5 17. Nxe5 Qxe5 18. Bxf4 Qxb2 19. e5 Bc4 20. Bxc4 bxc4
21. Qe4 Qd4 22. Qxc6 Rac8 23. Qa6 Bb6 24. Qb7 c3 25. Qf3 Qc4 26. Rfe1 Rc6 27.
Bg5 Rg6 28. Be7 Re8 29. Bd6 h6 30. a4 Bc7 31. Red1 Rge6 32. h3 Rd8 33. Rd3 Bxd6
34. exd6 Rexd6 35. Rxc3 Qd4 36. Rf1 Rf6 0-1

[Event "20ème Open de Saint-Affrique"]
[Site "Saint Affrique (11)"]
[Date "2012.07.23"]
[Round "3.5"]
[White "Libiszewski, Fabien"]
[Black "Malka, Samuel"]
[Result "1-0"]
[WhiteElo "2505"]
[BlackElo "2144"]
[PlyCount "62"]
[EventDate "2012.??.??"]

1. e4 c5 2. Nf3 d6 3. c3 Nf6 4. h3 g6 5. Bd3 Bg7 6. Bc2 O-O 7. d4 d5 8. e5 Ne4
9. Nbd2 cxd4 10. cxd4 f5 11. exf6 exf6 12. O-O f5 13. Ne5 Nc6 14. Ndf3 f4 15.
Re1 Bf5 16. Bb3 g5 17. Bd2 Qd6 18. Nxc6 bxc6 19. Rc1 Qg6 20. Bb4 Rfe8 21. Ne5
Bxe5 22. dxe5 Rad8 23. Qd4 Re6 24. f3 Ng3 25. Bd6 Bxh3 26. gxh3 Qh5 27. Qf2
Qxh3 28. Qh2 Qf5 29. Rxc6 Qd3 30. Bc2 Qd4+ 31. Qf2 Nf5 1-0

[Event "20ème Open de Saint-Affrique"]
[Site "Saint Affrique (11)"]
[Date "2012.07.23"]
[Round "3.6"]
[White "Debray, Tristan"]
[Black "Riff, Jean-Noel"]
[Result "0-1"]
[WhiteElo "2148"]
[BlackElo "2500"]
[PlyCount "100"]
[EventDate "2012.??.??"]

1. e4 e6 2. d4 d5 3. exd5 exd5 4. Nf3 Bd6 5. Bd3 Nc6 6. h3 Nge7 7. O-O Be6 8.
c3 Qd7 9. b4 Ng6 10. Re1 O-O 11. Ng5 Bf5 {#} 12. Nxh7 Rfe8 13. Bxf5 Qxf5 14.
Ng5 Nh4 15. Rf1 f6 16. Nf3 Ng6 17. Na3 a5 18. Nb5 axb4 19. Nxd6 cxd6 20. cxb4
Nxb4 21. g4 Qc2 22. a3 Qc4 23. Rb1 Nd3 24. Qb3 Ndf4 25. Bxf4 Nxf4 26. Kh2 Re2
27. Kg3 Re4 28. Rfd1 Ne2+ 29. Kg2 Nc3 30. Rdc1 Qxb3 31. Rxb3 Ne2 32. Rc7 b5 33.
Rxb5 Nf4+ 34. Kg3 Rxa3 35. Rb8+ Kh7 36. Rcc8 Rxd4 37. h4 Ne2+ 38. Kg2 Rxg4+ 39.
Kf1 Rxf3 40. Kxe2 Rgf4 41. h5 Rxf2+ 42. Ke1 Kh6 43. Rh8+ Kg5 44. Rh7 Rh2 45.
Rxg7+ Kf5 46. Rb5 Ra4 47. Rxd5+ Ke6 48. Rd1 Rh1+ 49. Ke2 Ra2+ 50. Rd2 Rh2+ 0-1

[Event "20ème Open de Saint-Affrique"]
[Site "Saint Affrique (11)"]
[Date "2012.07.23"]
[Round "3.7"]
[White "Cioara, Andrei-Nestor"]
[Black "Mania, Clement"]
[Result "1-0"]
[WhiteElo "2484"]
[BlackElo "2137"]
[PlyCount "57"]
[EventDate "2012.??.??"]

1. d4 g6 2. Nf3 Bg7 3. g3 f5 4. Bg2 c6 5. c4 Nh6 6. Nc3 Nf7 7. O-O O-O 8. e4 d6
9. exf5 Bxf5 10. d5 Qd7 11. Nd4 Ne5 12. Nxf5 Qxf5 13. f4 Ng4 14. Re1 c5 15. Bh3
Bd4+ 16. Kg2 h5 17. Nb5 Nd7 18. Nxd4 cxd4 19. Bxg4 hxg4 20. Qxd4 Rac8 21. Rxe7
Ne5 22. b3 Qf6 23. Re6 Qh8 24. Bb2 Rc7 25. fxe5 Qh3+ 26. Kg1 Rcf7 27. Rxg6+ Kh7
28. Rf6 dxe5 29. Qe4+ 1-0

[Event "20ème Open de Saint-Affrique"]
[Site "Saint Affrique (11)"]
[Date "2012.07.23"]
[Round "3.8"]
[White "Duff, Rufus"]
[Black "Flear, Glenn C"]
[Result "0-1"]
[WhiteElo "2141"]
[BlackElo "2476"]
[PlyCount "76"]
[EventDate "2012.??.??"]

1. e4 e5 2. Nf3 Nc6 3. Bb5 a6 4. Ba4 Nf6 5. O-O b5 6. Bb3 Bb7 7. Re1 Bc5 8. c3
O-O 9. d4 Bb6 10. Bg5 h6 11. Bxf6 Qxf6 12. Bd5 d6 13. Na3 Rab8 14. Nc2 Rfe8 15.
a4 exd4 16. axb5 axb5 17. cxd4 {#} 17... Nxd4 18. Nfxd4 Bxd5 19. exd5 Rxe1+ 20.
Qxe1 Bxd4 21. Nxd4 Qxd4 22. Qc3 Qxc3 23. bxc3 b4 24. cxb4 Rxb4 25. Rc1 Rb5 26.
Kf1 Rc5 27. Rd1 g5 28. Ke2 Kg7 29. Kf3 Kf6 30. g3 Ke5 31. Re1+ Kxd5 32. Re7 f5
33. Rh7 Rc3+ 34. Kg2 g4 35. Rxh6 c5 36. h4 gxh3+ 37. Kxh3 c4 38. f4 Rd3 0-1

[Event "20ème Open de Saint-Affrique"]
[Site "Saint Affrique (11)"]
[Date "2012.07.23"]
[Round "3.9"]
[White "Petrossian, Armen"]
[Black "Clement, Olivier"]
[Result "1-0"]
[WhiteElo "2437"]
[BlackElo "2071"]
[PlyCount "55"]
[EventDate "2012.??.??"]

1. e4 c5 2. Nf3 Nc6 3. Bb5 g6 4. c3 Bg7 5. O-O Nf6 6. Qe2 O-O 7. Rd1 Qb6 8. d4
cxd4 9. e5 Ng4 10. cxd4 d6 11. Nc3 a6 12. Bxc6 Qxc6 13. h3 Nh6 14. Bf4 Kh8 15.
Rac1 Qd7 16. Nd5 Qd8 17. Qd2 Ng8 18. exd6 exd6 19. Qb4 Be6 20. Nb6 Ra7 21. d5
Bf5 22. g4 Be4 23. Ng5 Bh6 24. Qd4+ Bg7 25. Qe3 Nf6 {#} 26. Rc8 Qe7 27. Bxd6
Qxd6 28. Nxf7+ 1-0

[Event "20ème Open de Saint-Affrique"]
[Site "Saint Affrique (11)"]
[Date "2012.07.23"]
[Round "3.10"]
[White "Youssoupov, Moisse"]
[Black "Karpatchev, Aleksandr"]
[Result "1-0"]
[WhiteElo "2133"]
[BlackElo "2431"]
[PlyCount "185"]
[EventDate "2012.??.??"]

1. d4 d5 2. c4 dxc4 3. e3 Nf6 4. Bxc4 a6 5. Nf3 e6 6. O-O b5 7. Bd3 Bb7 8. a4
b4 9. Qe2 c5 10. Rd1 Qc7 11. Nbd2 Nbd7 12. Nc4 Be7 13. Bd2 O-O 14. Rac1 Rfd8
15. a5 Qc6 16. Qf1 Qd5 17. dxc5 Bxc5 18. Be1 Qh5 19. Be2 Bd5 20. Nfe5 Qf5 {#}
21. g4 Nxg4 22. Bxg4 Nxe5 23. Bxf5 Nf3+ 24. Kh1 Bb7 25. Rxd8+ Rxd8 26. Bg4 Ne5+
27. Kg1 Nxg4 28. Qe2 h5 29. Rd1 Rc8 30. h3 Nf6 31. Ne5 Bf8 32. Nd7 Ne4 33. Nxf8
Ng5 34. e4 Bxe4 35. Qxe4 Nxe4 36. Bxb4 Rc2 37. Rd8 Nxf2 38. Nxe6+ Kh7 39. Nf8+
Kg8 40. Ne6+ Kh7 41. Ng5+ Kg6 42. Rd2 Rc4 43. Bc3 Ng4 44. hxg4 Kxg5 45. gxh5
Kxh5 46. Rd5+ g5 47. Rf5 Rc7 48. Bd2 Rc2 49. Rxg5+ Kh4 50. Rg2 Kh3 51. Rh2+ Kg4
52. Be3 Rc4 53. Rf2 f5 54. Kg2 Rb4 55. Bc5 Rb3 56. Bd6 Rd3 57. Bc7 Rb3 58. Rc2
f4 59. Kf2 Kf5 60. Rc5+ Ke4 61. Rc4+ Kd5 62. Rxf4 Rxb2+ 63. Kf3 Rb3+ 64. Ke2
Kc6 65. Bb6 Kb5 66. Kd2 Rh3 67. Rf5+ Kc4 68. Rc5+ Kb4 69. Re5 Kc4 70. Ke2 Rb3
71. Be3 Rb5 72. Re4+ Kd5 73. Ra4 Kc6 74. Kd3 Rb3+ 75. Kd4 Kb5 76. Ra2 Rb1 77.
Bd2 Rb3 78. Ke4 Kc4 79. Rc2+ Kb5 80. Kd4 Rb1 81. Rc5+ Ka4 82. Rc6 Rd1 83. Kd3
Rh1 84. Rxa6 Rh3+ 85. Kc4 Rh4+ 86. Kc5 Rh5+ 87. Kc6 Rh2 88. Be3 Rh3 89. Bb6
Rh6+ 90. Kb7 Kb5 91. Ra8 Rh7+ 92. Bc7 Rh6 93. a6 1-0

[Event "20ème Open de Saint-Affrique"]
[Site "Saint Affrique (11)"]
[Date "2012.07.23"]
[Round "3.38"]
[White "Danielian, Kevin"]
[Black "Boghossian, Pierre"]
[Result "1-0"]
[WhiteElo "1688"]
[BlackElo "2002"]
[PlyCount "72"]
[EventDate "2012.??.??"]

1. d4 Nf6 2. c4 c5 3. d5 b5 4. cxb5 a6 5. b6 d6 6. Nc3 g6 7. e4 Bg7 8. Nf3 Qxb6
9. Nd2 O-O 10. Nc4 Qc7 11. Be2 Nbd7 12. O-O Nb6 13. f4 Nxc4 14. Bxc4 Nd7 15.
Re1 Rb8 16. Qc2 Qa5 17. Bd2 Qc7 18. Rab1 Nb6 19. Nd1 Nxc4 20. Qxc4 e5 21. fxe5
Bxe5 22. Bc3 Qe7 23. Bxe5 Qxe5 24. Qc3 Re8 25. Qxe5 Rxe5 26. Nc3 Bd7 27. b3
Rbe8 28. Kf2 f5 29. exf5 Rxe1 30. Rxe1 Rxe1 31. Kxe1 Bxf5 32. Kf2 Kf7 33. Ke3
Kf6 34. h3 Ke5 35. g4 Bc8 36. Kd3 Bb7 1-0

[Event "20ème Open de Saint-Affrique"]
[Site "Saint Affrique (11)"]
[Date "2012.07.23"]
[Round "3.45"]
[White "Renaux, Osmin"]
[Black "Bizeul, Pierre"]
[Result "0-1"]
[WhiteElo "1970"]
[BlackElo "1647"]
[PlyCount "64"]
[EventDate "2012.??.??"]

1. d4 Nf6 2. c4 g6 3. Nc3 Bg7 4. e4 d6 5. Be2 O-O 6. Bg5 Nbd7 7. Qd2 c5 8. d5
a6 9. a4 Qa5 10. Ra3 Nb6 11. Qc2 Rb8 12. Bd2 Na8 13. Nf3 Qd8 14. O-O b6 15. Ne1
e6 16. f4 exd5 17. cxd5 Re8 18. e5 dxe5 19. fxe5 Ng4 20. Ne4 Qxd5 21. Bxg4 Bxg4
22. Ng5 Rxe5 23. Rd3 Qc6 24. Nxf7 Rf5 25. Qc4 Rxf1+ 26. Kxf1 Be6 27. Qf4 Rf8
28. Nd8 Rxf4+ 29. Bxf4 Qe4 30. Nxe6 Qxe6 31. Rd8+ Kf7 32. Rxa8 Qc4+ 0-1

[Event "20ème Open de Saint-Affrique"]
[Site "Saint Affrique (11)"]
[Date "2012.07.23"]
[Round "3.63"]
[White "Carivenc, Thierry"]
[Black "Heurteaux, Raphael"]
[Result "0-1"]
[WhiteElo "1820"]
[BlackElo "1568"]
[PlyCount "98"]
[EventDate "2012.??.??"]

1. d4 Nf6 2. Nf3 g6 3. Nc3 Bg7 4. e4 d6 5. Be3 O-O 6. Qd2 Bg4 7. Ng5 e5 8. dxe5
dxe5 9. Qxd8 Rxd8 10. Bc4 Be6 11. Nxe6 fxe6 12. Bxe6+ Kh8 13. f3 Nc6 14. Nb5
Nd4 15. Nxd4 exd4 16. Bf4 c6 17. Rd1 {#} 17... Nxe4 18. fxe4 Re8 19. Kd2 Rxe6
20. Rhe1 Rf8 21. Bg3 c5 22. Kd3 Ra6 23. e5 Rxa2 24. e6 Rxb2 25. Bd6 Re8 26.
Bxc5 b6 27. Ba3 Rb5 28. Re4 Re5 29. e7 Rxe4 30. Kxe4 Bf6 31. Kd3 Kg8 32. Re1
Kf7 33. Rf1 Rc8 34. Bd6 Ke6 35. Re1+ Kd7 36. Be5 Bxe5 37. Rxe5 Re8 38. Kxd4
Rxe7 39. Rd5+ Kc6 40. Rd8 Rd7+ 41. Rxd7 Kxd7 42. g4 Kd6 43. h4 a5 44. h5 a4 45.
Kc4 b5+ 46. Kb4 Ke5 47. hxg6 hxg6 48. c4 bxc4 49. Kxa4 Kf4 0-1

[Event "20ème Open de Saint-Affrique"]
[Site "Saint Affrique (11)"]
[Date "2012.07.23"]
[Round "3.64"]
[White "Esclafit, Pierre"]
[Black "Forest, Eric"]
[Result "1-0"]
[WhiteElo "1576"]
[BlackElo "1817"]
[PlyCount "153"]
[EventDate "2012.??.??"]

1. d4 d5 2. c4 c6 3. Nc3 Nf6 4. Nf3 Bg4 5. e3 Nbd7 6. Be2 Qa5 7. Bd2 Qc7 8. O-O
e6 9. Rc1 Be7 10. Qc2 Rd8 11. cxd5 exd5 12. a3 Qb8 13. h3 Bh5 14. Ne1 Bxe2 15.
Nxe2 Nb6 16. Nf3 Nc4 17. Bc3 Ne4 18. Nd2 Nexd2 19. Bxd2 O-O 20. Bc3 Rfe8 21.
Rcd1 Bd6 22. Rd3 Re4 23. Qb3 Rde8 24. Bb4 Bc7 25. Rfd1 Qa8 26. Qc2 a5 27. Bd2
Bd6 28. b4 axb4 29. Bxb4 Bxb4 30. axb4 R4e6 31. Qc3 Qa2 32. Nf4 R6e7 33. Ra1
Qb2 34. Qxb2 Nxb2 35. Rd2 Nc4 36. Rda2 Nd6 37. Ra8 Kf8 38. Rxe8+ Rxe8 39. Nd3
Nf5 40. Nc5 Nd6 41. Ra7 Re7 42. Ra8+ Ne8 43. Rb8 b5 44. Rc8 Rc7 45. Rxc7 Nxc7
46. Nd3 Ke7 47. g4 Na6 48. Kg2 Kd6 49. Kf1 Ke6 50. Nc5+ Nxc5 51. dxc5 Ke5 52.
Ke2 h6 53. Kd3 g6 54. f4+ Ke6 55. Kd4 f5 {#} 56. g5 hxg5 57. fxg5 f4 58. exf4
Kf5 59. Ke3 d4+ 60. Kxd4 Kxf4 61. h4 Kf5 62. Kd3 Kg4 63. Ke4 Kxh4 64. Ke5 Kxg5
65. Kd6 Kf4 66. Kxc6 g5 67. Kxb5 g4 68. c6 g3 69. c7 g2 70. c8=Q g1=Q 71. Qc4+
Kf3 72. Qd5+ Ke2 73. Kc6 Qa7 74. Qb5+ Kf3 75. Qb7 Qd4 76. b5 Ke3 77. Qb6 1-0

[Event "20ème Open de Saint-Affrique"]
[Site "Saint Affrique (11)"]
[Date "2012.07.23"]
[Round "3.66"]
[White "Tournebise, Hubert"]
[Black "Navarro, Robin"]
[Result "1-0"]
[WhiteElo "1570"]
[BlackElo "1814"]
[PlyCount "71"]
[EventDate "2012.??.??"]

1. e4 e5 2. Nf3 Nc6 3. Bc4 Bc5 4. O-O d6 5. h3 Be6 6. Bb3 Nf6 7. d3 Qd7 8. Ng5
O-O-O 9. Nxe6 fxe6 10. Nc3 Rhg8 11. Na4 Bb4 12. a3 Ba5 13. Ba2 g5 14. f3 h5 15.
b4 Bb6+ 16. Nxb6+ axb6 17. c3 Rdf8 18. d4 {#} 18... g4 19. fxg4 Nxe4 20. gxh5
Nxc3 21. Rxf8+ Rxf8 22. Qg4 Nxa2 23. Rxa2 Nxd4 24. Rf2 Nf5 25. Qg6 Re8 26. g4
Nd4 27. h6 c5 28. bxc5 dxc5 29. Be3 Ne2+ 30. Rxe2 Qd1+ 31. Kf2 Rf8+ 32. Kg3
Qxe2 33. Qxe6+ Kc7 34. Qe7+ Kc6 35. Qxf8 Qxe3+ 36. Qf3+ 1-0

[Event "20ème Open de Saint-Affrique"]
[Site "Saint Affrique (11)"]
[Date "2012.07.23"]
[Round "3.73"]
[White "Degeorges, Mathis"]
[Black "Le Gal, Serge"]
[Result "1-0"]
[WhiteElo "1522"]
[BlackElo "1768"]
[PlyCount "51"]
[EventDate "2012.??.??"]

1. d4 c6 2. c4 d5 3. Nc3 Nf6 4. cxd5 cxd5 5. Bg5 e6 6. Qc2 Nc6 7. e3 a6 8. Nf3
Be7 9. Bd3 Nb4 10. Qd2 Nxd3+ 11. Qxd3 b5 12. a3 O-O 13. O-O Bb7 14. Rfc1 Ne4
15. Bxe7 Qxe7 16. Rc2 Rad8 17. Rac1 f6 18. Ne2 Nd6 19. Nd2 e5 20. Nb3 Nc4 21.
Nc5 f5 22. Nxb7 Qxb7 23. dxe5 Nxe5 24. Qd4 Nc4 25. b3 Nxa3 26. Rc7 1-0

[Event "20ème Open de Saint-Affrique"]
[Site "Saint Affrique (11)"]
[Date "2012.07.23"]
[Round "3.90"]
[White "Darpoux, Danielle"]
[Black "Malassagne, Gabriel"]
[Result "0-1"]
[WhiteElo "1526"]
[BlackElo "1350"]
[PlyCount "102"]
[EventDate "2012.??.??"]

1. e4 c5 2. Nf3 d6 3. c3 Nf6 4. d3 g6 5. Be2 Bg7 6. O-O O-O 7. Nbd2 Nc6 8. Rb1
Bd7 9. b4 cxb4 10. cxb4 Qb6 11. Nc4 Qc7 12. Be3 b5 13. Na3 a6 14. Rc1 Qb7 15.
Nc2 Rfc8 16. a3 Ng4 17. Qd2 Nxe3 18. fxe3 Bf6 19. d4 Bg4 20. Bd3 Bxf3 21. Rxf3
Rc7 22. Qf2 Rac8 23. h4 Qa7 24. g4 {#} 24... Nxd4 25. Rxf6 Nxc2 26. Rf3 Nxa3
27. Rf1 Rc1 28. Qb2 Rxf1+ 29. Bxf1 Nc4 30. Qb3 e6 31. Qd3 Ne5 32. Qe2 Nxf3+ 33.
Qxf3 Rc3 34. Kf2 Qe7 35. g5 h6 36. Qg3 h5 37. Kf3 Qa7 38. Qe1 Qc7 39. Qd2 Rc2
40. Qd4 Rh2 41. Kg3 d5+ 42. e5 Qc2 43. Qf4 Rh1 44. Qf2 Qxf2+ 45. Kxf2 Rxh4 46.
Ke2 Rxb4 47. Kd3 Re4 48. Bg2 Rxe5 49. Kd4 Rxg5 50. Bf3 h4 51. Kc5 Rg3 0-1

[Event "20ème Open de Saint-Affrique"]
[Site "Saint Affrique (11)"]
[Date "2012.07.23"]
[Round "3.93"]
[White "Yotis, Marianne"]
[Black "Bonot, Bernard"]
[Result "1-0"]
[WhiteElo "1338"]
[BlackElo "1520"]
[PlyCount "193"]
[EventDate "2012.??.??"]

1. e4 b6 2. d4 Bb7 3. Nc3 e6 4. a3 Nf6 5. Bg5 Be7 6. Bxf6 Bxf6 7. Bc4 d5 8.
exd5 exd5 9. Bb3 O-O 10. Nge2 Re8 11. O-O c5 12. dxc5 d4 13. Ba4 Nc6 14. Nb5
Re7 15. Nd6 Na5 16. Nxb7 Nxb7 17. cxb6 axb6 18. Bc6 Rb8 19. Bxb7 Rbxb7 20. Qd3
g6 21. Rfd1 Red7 22. Qb3 Qe7 23. Nf4 Qd6 24. Ne2 Qe5 25. Qd3 Qc5 26. Rd2 Bg5
27. f4 Bf6 28. Rad1 Rd6 29. Kf1 Rbd7 30. Qf3 Rd8 31. Qf2 Qc4 32. b3 Qa6 33. a4
Kf8 34. Kg1 Bg7 35. Nxd4 Qc8 36. Kh1 Kg8 37. Nb5 Rxd2 38. Rxd2 Rxd2 39. Qxd2
Bf6 40. c4 Qf5 41. g3 Qb1+ 42. Kg2 Qe4+ 43. Kf2 Qe6 44. Qd6 Qf5 45. Kf3 Kg7 46.
Qxb6 Qd3+ 47. Qe3 Qd1+ 48. Kf2 Qc2+ 49. Kf3 Qd1+ 50. Ke4 Qb1+ 51. Kd5 Qf5+ 52.
Kc6 Qc8+ 53. Nc7 Bd8 54. Qe5+ Bf6 55. Qd6 Qh3 56. Ne8+ Kh6 57. Qxf6 Qg2+ 58.
Kb5 Qb7+ 59. Qb6 Qd7+ 60. Kb4 Qxe8 61. Qc7 Qe1+ 62. Kb5 Qe8+ 63. Ka5 Qe1+ 64.
b4 Qe6 65. c5 Qe8 66. Ka6 Qxa4+ 67. Qa5 Qc6+ 68. Qb6 Qa8+ 69. Kb5 Qe8+ 70. Qc6
Qb8+ 71. Kc4 Qa7 72. Kb5 Qb8+ 73. Ka4 Qa7+ 74. Kb3 Qa1 75. Qg2 Qb1+ 76. Kc4
Qc1+ 77. Kb5 Qd1 78. f5 Qd7+ 79. Kc4 Qxf5 80. Qd2+ Kg7 81. Qd4+ Kh6 82. Qf4+
Qxf4+ 83. gxf4 g5 84. fxg5+ Kxg5 85. c6 f5 86. c7 f4 87. c8=Q f3 88. Qh3 Kf4
89. b5 Ke3 90. b6 Ke2 91. b7 f2 92. b8=Q f1=Q 93. Qxf1+ Kxf1 94. Qb2 h5 95. Kd3
h4 96. Ke3 Kg1 97. h3 1-0

[Event "20ème Open de Saint-Affrique"]
[Site "Saint Affrique (11)"]
[Date "2012.07.23"]
[Round "4.1"]
[White "Carmaciu, Lucian-Catalin"]
[Black "Hamdouchi, Hicham"]
[Result "0-1"]
[WhiteElo "2386"]
[BlackElo "2627"]
[PlyCount "56"]
[EventDate "2012.??.??"]

1. e4 c5 2. c3 Nf6 3. e5 Nd5 4. d4 cxd4 5. Nf3 Nc6 6. cxd4 d6 7. Bc4 e6 8. Qe2
Be7 9. O-O O-O 10. Nc3 dxe5 11. dxe5 Nxc3 12. bxc3 Qa5 13. Bd2 Rd8 14. Rfe1 Bd7
15. Bb3 Be8 16. Rac1 Rd7 17. Qe4 g6 18. Bh6 Rad8 19. Qf4 Rd3 20. Re3 Qc5 21.
Rxd3 Rxd3 22. Bc4 Rd8 23. Bf1 Qa5 24. h4 Rd5 25. c4 Rd7 26. h5 Qd8 27. g4 Nd4
28. Ng5 Bxg5 0-1

[Event "20ème Open de Saint-Affrique"]
[Site "Saint Affrique (11)"]
[Date "2012.07.23"]
[Round "4.2"]
[White "Degraeve, Jean-Marc"]
[Black "Bissieres, Matthieu"]
[Result "1/2-1/2"]
[WhiteElo "2580"]
[BlackElo "2346"]
[PlyCount "136"]
[EventDate "2012.??.??"]

1. e4 d6 2. Nc3 Nf6 3. f4 g6 4. d4 Bg7 5. Nf3 O-O 6. Be3 d5 7. e5 Ng4 8. Bg1 f6
9. Qd2 fxe5 10. dxe5 e6 11. h3 Nh6 12. g4 Nc6 13. O-O-O Qe7 14. Be2 Bd7 15. Bf2
Qb4 16. a3 Qa5 17. Kb1 b5 18. g5 b4 19. axb4 Qxb4 20. gxh6 Bxh6 21. Be3 Rab8
22. b3 Bxf4 23. Bxf4 Rxf4 24. Na2 Qe4 25. Bd3 Qa4 26. Rhf1 Na5 27. Ng5 Rxf1 28.
Rxf1 Nxb3 29. Qf2 Nd4+ 30. Ka1 Nf5 31. Bxf5 exf5 32. e6 h6 33. exd7 hxg5 34.
Rd1 Qxd7 35. Qxa7 Qb5 36. Qd4 Kh7 37. Re1 Re8 38. Rxe8 Qxe8 39. Qxd5 Qe3 40.
Qd7+ Kh6 41. Qd8 Qe5+ 42. Kb1 Kh5 43. Nb4 Qe1+ 44. Ka2 Qc3 45. Qe7 Kh4 46. Kb1
c5 47. Nd3 c4 48. Qc5 Kxh3 49. Qe3+ Kh2 50. Qf2+ Kh3 51. Qf3+ Kh4 52. Qh1+ Kg4
53. Qg1+ Kf3 54. Qc5 Ke4 55. Qe7+ Kf3 56. Ne5+ Kf2 57. Qc5+ Qe3 58. Qd6 g4 59.
Nxc4 Qe1+ 60. Kb2 g3 61. Ne5 Qe4 62. Nd3+ Kf3 63. Qxg6 g2 64. Qh5+ Kg3 65. Qg5+
Kf3 66. Qh5+ Kg3 67. Qg5+ Kf3 68. Qh5+ Kg3 1/2-1/2

[Event "20ème Open de Saint-Affrique"]
[Site "Saint Affrique (11)"]
[Date "2012.07.23"]
[Round "4.3"]
[White "Ardelean, George-Catalin"]
[Black "Guichard, Pauline"]
[Result "1-0"]
[WhiteElo "2510"]
[BlackElo "2340"]
[PlyCount "87"]
[EventDate "2012.??.??"]

1. e4 e5 2. Nf3 Nc6 3. Bc4 Bc5 4. d3 Nf6 5. Bb3 O-O 6. h3 d5 7. exd5 Nxd5 8.
O-O h6 9. Nxe5 Nxe5 10. d4 Nf4 11. dxc5 Qxd1 12. Rxd1 Ne2+ 13. Kf1 Nxc1 14.
Rxc1 Nd7 15. c6 bxc6 16. Nd2 a5 17. Bc4 Nb6 18. Bd3 Na4 19. b3 Nc5 20. Be2 Rd8
21. Nc4 Ba6 22. Rd1 a4 23. bxa4 Nxa4 24. Rxd8+ Rxd8 25. Ne3 Bxe2+ 26. Kxe2 Nc3+
27. Ke1 Ra8 28. Kd2 Ne4+ 29. Kd3 Nxf2+ 30. Kd4 Ra4+ 31. Kc5 Ra6 32. a4 Ne4+ 33.
Kb4 Rb6+ 34. Kc4 Nd6+ 35. Kd4 f6 36. c4 Ra6 37. c5 Nb5+ 38. Kc4 g6 39. Nc2 Na7
40. a5 Nc8 41. Nb4 Ra8 42. Nxc6 Kf7 43. a6 Na7 44. Nxa7 1-0

[Event "20ème Open de Saint-Affrique"]
[Site "Saint Affrique (11)"]
[Date "2012.07.23"]
[Round "4.4"]
[White "Saez, Frederic"]
[Black "Libiszewski, Fabien"]
[Result "1-0"]
[WhiteElo "2283"]
[BlackElo "2505"]
[PlyCount "57"]
[EventDate "2012.??.??"]

1. c4 Nf6 2. g3 g6 3. Bg2 Bg7 4. Nf3 O-O 5. O-O c6 6. d4 d5 7. Qb3 Qb6 8. Nc3
Rd8 9. c5 Qxb3 10. axb3 Nfd7 11. Bf4 Na6 12. Ra5 b6 13. cxb6 axb6 14. Ra4 Bb7
15. Rfa1 f6 16. Bh3 Kf7 17. b4 b5 18. Ra5 e6 19. Bd6 Bf8 20. Bxf8 Rxf8 21. e4
Nxb4 22. exd5 Nxd5 23. Ne4 Ke7 24. Ra7 Rfb8 25. Nc5 Nxc5 26. dxc5 {#} 26... e5
27. Rxb7+ Rxb7 28. Rxa8 b4 29. Rc8 1-0

[Event "20ème Open de Saint-Affrique"]
[Site "Saint Affrique (11)"]
[Date "2012.07.23"]
[Round "4.5"]
[White "Riff, Jean-Noel"]
[Black "Domenech, Vianney"]
[Result "1-0"]
[WhiteElo "2500"]
[BlackElo "2200"]
[PlyCount "63"]
[EventDate "2012.??.??"]

1. c4 e5 2. Nc3 Nf6 3. Nf3 Nc6 4. a3 d6 5. d4 Bg4 6. d5 Nb8 7. e4 a5 8. Be3 Na6
9. Bd3 Be7 10. h3 Bh5 11. g4 Bg6 12. g5 Nd7 13. h4 Bh5 14. Be2 Ndc5 15. b3 h6
16. gxh6 gxh6 17. Rb1 Bxf3 18. Bxf3 Bxh4 19. b4 axb4 20. axb4 Nd7 21. Bg4 Nf8
22. Qa4+ c6 23. dxc6 Nc7 24. Ba7 b6 25. Nd5 Rg8 26. Rxh4 Rxa7 27. Qxa7 Nxd5 28.
cxd5 Qxh4 29. Qb8+ Ke7 30. Qc7+ Ke8 31. Bd7+ Ke7 32. Be6+ 1-0

[Event "20ème Open de Saint-Affrique"]
[Site "Saint Affrique (11)"]
[Date "2012.07.23"]
[Round "4.6"]
[White "Iglesias, Joachim"]
[Black "Cioara, Andrei-Nestor"]
[Result "0-1"]
[WhiteElo "2247"]
[BlackElo "2484"]
[PlyCount "32"]
[EventDate "2012.??.??"]

1. d4 d5 2. Nf3 c6 3. c4 Nf6 4. e3 Bg4 5. h3 Bh5 6. cxd5 Bxf3 7. Qxf3 cxd5 8.
Bd3 Nc6 9. Nc3 e6 10. Bd2 Be7 11. g4 a6 12. g5 Nd7 13. h4 b5 14. a4 b4 15. Ne2
{#} 15... Nde5 16. dxe5 Nxe5 0-1

[Event "20ème Open de Saint-Affrique"]
[Site "Saint Affrique (11)"]
[Date "2012.07.23"]
[Round "4.7"]
[White "Flear, Glenn C"]
[Black "Youssoupov, Moisse"]
[Result "1-0"]
[WhiteElo "2476"]
[BlackElo "2133"]
[PlyCount "79"]
[EventDate "2012.??.??"]

1. d4 Nf6 2. c4 c5 3. d5 e6 4. Nc3 exd5 5. cxd5 d6 6. Nf3 a6 7. a4 g6 8. e4 Bg4
9. h3 Bxf3 10. Qxf3 Bg7 11. Be2 Qe7 12. O-O Nbd7 13. g4 O-O 14. g5 Ne8 15. Qg2
f5 16. gxf6 Nexf6 17. f4 Rae8 18. Bf3 c4 19. Be3 b5 20. axb5 axb5 21. Rfe1 Rb8
22. Ba7 Rb7 23. e5 Nxe5 24. fxe5 Rxa7 25. exf6 Qxf6 26. Rxa7 Qd4+ 27. Qf2 Qxf2+
28. Kxf2 Bd4+ 29. Kg2 Bxa7 30. Nxb5 Bc5 31. Re2 Rb8 32. Nc3 Bd4 33. Rc2 Be5 34.
Be2 Rb4 35. Nd1 Rb3 36. Bf3 Rb4 37. Ne3 Bxb2 38. Nxc4 Be5 39. Nxe5 dxe5 40. Re2
1-0

[Event "20ème Open de Saint-Affrique"]
[Site "Saint Affrique (11)"]
[Date "2012.07.23"]
[Round "4.8"]
[White "Planell, Eric"]
[Black "Petrossian, Armen"]
[Result "1/2-1/2"]
[WhiteElo "2236"]
[BlackElo "2437"]
[PlyCount "85"]
[EventDate "2012.??.??"]

1. d4 Nf6 2. c4 e6 3. Nc3 Bb4 4. Qc2 O-O 5. a3 Bxc3+ 6. Qxc3 b6 7. b4 Bb7 8.
Bb2 d6 9. f3 Nbd7 10. e4 e5 11. Bd3 a5 12. b5 c6 13. Ne2 cxb5 14. cxb5 d5 15.
dxe5 dxe4 16. exf6 exd3 17. Qxd3 Nxf6 18. Qxd8 Raxd8 19. Bxf6 gxf6 20. Rd1
Rxd1+ 21. Kxd1 Rc8 22. Kd2 Bd5 23. Rc1 Rd8 24. Ke3 Re8+ 25. Kf2 f5 26. Rc7 Re5
27. Nc3 Bb3 28. Rc6 Re6 29. Ne2 Bd5 30. Rc8+ Kg7 31. Rc3 Re5 32. Re3 f6 33. g3
Bc4 34. Nc3 Rc5 35. a4 Bb3 36. Ke1 Rc4 37. Kd2 f4 38. Rd3 fxg3 39. hxg3 Bxa4
40. Rd6 Bb3 41. Rxb6 a4 42. Ra6 Rb4 43. b6 1/2-1/2